000 00369cam a22001217a 4500
008 180718b1965 xxu||||| |||| 00| 0 eng d
082 _aA81x54 In2/61/12/PT9A
100 _aCensus of India 1961
245 _aOrissa: census atlas
260 _aDelhi
_bThe Manager of Publications
_c1965
300 _a331+p.
440 _aCensus of India 1961. Volume-XII, Orissa. Part IX-A
999 _c483896
_d483896